01535nam a22001817a 4500003000400000008004100004020001800045100002000063245003600083250001400119260004400133500075600177650005200933942001200985999001500997952017001012952017101182OSt200707b ||||| |||| 00| 0 eng d a9788123902739 aGupta, Ashok K. aIntroduction to Pharmaceutics-1 a3rdb2019 aNew DelhibBirla Publications Pvt. Ltd. ahe book is written in a very simple language giving suitable illustrations wherever required to make the students understand the topics in a better manner. Since the Pharmacy Council of India according to Education Regulation 1991 has recast the syllabus for Diploma in Pharmacy in which a large number of new topics like introduction to different dosage forms, drug delivery systems, Ayurvedic dosage forms, introduction to pharmacopoeias micro-encapsulation etc has been incorporated, so it was necessary to bring this book upto the latest requirements of the teachers and students. Every effort has been made to present the material in a very precise manner covering all the topics prescribed by Pharmacy Council of India Education Regulation 1991. aPharmaceutics (Dispensing and General Pharmacy) 2ddccBK c8719d8719 00102ddc40708BPaPIETbPIETd2020-02-01eKirti PrakashanfIN Rupeesg295.00kIN6239l2o615.4 GUIpBP752r2023-03-09 00:00:00s2023-03-01v190.28w2020-02-01yBK 00102ddc40708BPaPIETbPIETd2020-02-01eKirti PrakashanfIN Rupeesg295.00kIN6239l1o615.4 GUIpBP753r2021-08-13 00:00:00s2021-08-06v190.28w2020-02-01yREF